ARRUPE JESUIT UNIVERSITY

CORONAVIRUS -STOP THE SPREAD - CLEAN,DISINFECT,COVER

Hosea : a new translation with introduction and commentary (Record no. 26271)

MARC details
000 -LEADER
fixed length control field 00780nam a2200229Ia 4500
003 - CONTROL NUMBER IDENTIFIER
control field ARRUPE
005 - DATE AND TIME OF LATEST TRANSACTION
control field 20170116090648.0
008 - FIXED-LENGTH DATA ELEMENTS--GENERAL INFORMATION
fixed length control field 130303s9999 xx 000 0 und d
020 ## - INTERNATIONAL STANDARD BOOK NUMBER
International Standard Book Number 038500768X
040 ## - CATALOGING SOURCE
Transcribing agency ARRUPELIB
050 ## - LIBRARY OF CONGRESS CALL NUMBER
Classification number BS1565.3A544
300 ## - PHYSICAL DESCRIPTION
Dimensions 24cm.
300 ## - PHYSICAL DESCRIPTION
Other physical details
100 ## - MAIN ENTRY--PERSONAL NAME
Personal name Andersen , Francis I.
9 (RLIN) 28370
245 ## - TITLE STATEMENT
Title Hosea : a new translation with introduction and commentary
Remainder of title a new translation with introduction and commentary
Statement of responsibility, etc by Andersen , Francis I. and Freedman , David Noel
250 ## - EDITION STATEMENT
Edition statement 2nd ed.
260 ## - PUBLICATION, DISTRIBUTION, ETC. (IMPRINT)
Place of publication, distribution, etc New york
Name of publisher, distributor, etc Doubleday & Co.
Date of publication, distribution, etc 1980
300 ## - PHYSICAL DESCRIPTION
Extent xiii, 699p.;
440 ## - SERIES STATEMENT/ADDED ENTRY--TITLE
Title The anchor bible series; v. 24
9 (RLIN) 28374
650 ## - SUBJECT ADDED ENTRY--TOPICAL TERM
Topical term or geographic name as entry element BIBLE OT. Hosea
General subdivision Commentaries
9 (RLIN) 28375
700 ## - ADDED ENTRY--PERSONAL NAME
Personal name Freedman , David Noel
9 (RLIN) 16560
942 ## - ADDED ENTRY ELEMENTS (KOHA)
Source of classification or shelving scheme Library of Congress Classification
Koha item type Monograph ( Printed materials)
Holdings
Withdrawn status Lost status Source of classification or shelving scheme Damaged status Not for loan Collection code Home library Current library Shelving location Date acquired Total Checkouts Full call number Barcode Date last seen Date checked out Copy number Price effective from Koha item type
    Library of Congress Classification     Main Collection ARRUPE LIBRARY ARRUPE LIBRARY Main Collection 04/03/2013 2 BS1565.3A544 46003038193 28/03/2018 20/03/2018 1 04/03/2013 Monograph ( Printed materials)

 

Arrupe Library. PO Box MP320 Mt Pleasant, Harare, Zimbabwe
263 242 745411|librarian@aju.ac.zw